Movies Quiz

Random Movies or Letter Quiz

Last 25 Years: 'D' Movies Quiz Stats

 Plays Quiz Updated Jan 2, 2019

Score 0/25 Timer 08:00
7 Plays Today
% Correct
The Dark Knight
95.2%
Despicable Me
91.5%
Dumb and Dumber
90.3%
Django Unchained
87.9%
Dallas Buyers Club
76.7%
Dawn of the Planet of the Apes
75.6%
Daredevil
74.7%
Donnie Darko
73%
The Departed
70.3%
Drive
61.7%
Die Another Day
60.7%
Dogma
48.3%
District 9
44.5%
% Correct
Dead Man Walking
42.3%
The Dark Tower
41.4%
Donnie Brasco
40.1%
Deuce Bigalow: European Gigolo
38.5%
Deep Impact
37.6%
Deadpool
35%
Dragonheart
33.6%
Dope
24.8%
Downfall
22.4%
Death Proof
20.9%
Dancer in the Dark
13.8%
Destination Wedding
10.9%

You're not logged in!

Compare scores with friends on all Sporcle quizzes.
OR
Log In

You Might Also Like...

Show Comments

Extras

Top Quizzes Today


Score Distribution

Your Account Isn't Verified!

In order to create a playlist on Sporcle, you need to verify the email address you used during registration. Go to your Sporcle Settings to finish the process.

Report this User

Report this user for behavior that violates our Community Guidelines.

Details: